Selagi bintang masih di langit

Bibliographic Details
Main Author: Zaryl Amzari
Format: Book
Language:Malay
Published: Selangor : PTS Fortuna , 2008
Subjects:

MARC

LEADER 00000cam a2200000 7i4500
001 0000020802
005 20090410.0
008 090408s my # may
020 |a 9789675136184 ,   |c RM24.00 
040 |a INS 
090 0 0 |a PL5136   |b Z37 2008 
100 0 |a Zaryl Amzari 
245 1 0 |a Selagi bintang masih di langit   |c Zaryl Amzari 
260 |a Selangor :   |b PTS Fortuna ,   |c 2008 
300 |a 444ms. ;   |c 18cm. 
650 0 |a Malay fiction 
999 |a 0000020733   |b BOOK   |c Open Shelf   |e Default branch